00767 2200241 4500001002100000005001700021008004100038035002400079090001500103100002000118245014700138250001000285260004700295300002000342500002700362500002900389650004400418850001500462980001300477985000600490999001500496999001400511YOGYA-0209000004809420090227031835.0 ind  0010-020900000048094 a410bSut P aSUTONO, Syahban aPelajaran bahasa dan sastra Indonesiabuntuk kelas 3 SMK tengah cawu VIII, dan Cawu IX berdasarkan kurikulum SMK 1994 GBPP SMKcSyahban Sutono aCet.1 aSolobTiga Serangkai Pustaka Mandiric1996 a.. jilidc21 cm aYang diterima : jil. 3 aBibliografi : hlm. 95-96 aBahasa Indonesia - Studi dan pengajaran aYOPDYOG(M) a04-11-07 a2 a98P0110066 a98P010068